Datum a čas kvízu
35
Celkem bodů
Celkový počet nahraných bodů na tomto kvízu bez doplňovacích otázek.
4.
Pořadí na kvízu
Konečné umístění týmu na tomto kvízu.
Zaznamenané odpovědi
| # | Otázka | Odpověď | Body | Výsledky |
|---|---|---|---|---|
| 1. | Letošní vánoční stromeček na o... | z Hluboček | 1 | |
| 2. | Jedna z evropských zemí schvál... | v Portugalsku | 0 | |
| 3. | Ačkoli nedávno prohlásil, že n... | Tomáš Klus | 1 | |
| 4. | Potravinářská firma Dr. Oetker... | Krtkův dort | 1 | |
| 5. | Počátkem týdne bylo představen... | 1. Chybí bambule. 2. Místo symbolů k ošetřování jsou použity symboly některých zimních sportů. | 0 | |
| 6. | Budeme se zabývat osobnostmi,... | Bertramka; Don Giovanni, La clemenza di Tito | 1 | |
| 7. | Posuneme se do doby přelomu 16... | Edward Kelley | 1 | |
| 8. | Zde vidíme dvě fotografie jedn... | Shirley Temple (provdaná Black) | 0 | |
| 9. | Napíšete-li jméno muže na obrá... | Osmany Laffita, Kuba | 1 | |
| 10. | Poslední muž v našem výběru ta... | Emanuele Ridi, StarDance …když hvězdy tančí | 0.5 |